Loading...
Micro Economics Theory and Applications
| Main Author: | |
|---|---|
| Format: | Printed Book |
| Language: | Undetermined English |
| Published: |
New Delhi
Pearson
2012
|
| Edition: | 2nd |
| Subjects: |
| LEADER | 00609nam a2200193Ia 4500 | ||
|---|---|---|---|
| 008 | 140306s9999 xx 000 0 und d | ||
| 020 | |a 9788131759400 | ||
| 041 | |a eng | ||
| 082 | |a 338.5 |b DWI/MI | ||
| 100 | |a Dwivedi, D N | ||
| 245 | |a Micro Economics Theory and Applications | ||
| 250 | |a 2nd | ||
| 260 | |a New Delhi |b Pearson |c 2012 | ||
| 300 | |a 649 | ||
| 365 | |b Rs.399/- | ||
| 650 | |a The Market Forces Demand and Supply | ||
| 942 | |2 ddc |c BK | ||
| 999 | |c 188365 |d 188365 | ||
| 952 | |0 0 |1 0 |2 ddc |4 0 |6 338_500000000000000_DWI_MI |7 0 |9 194509 |a KAUCBV |b KAUCBV |g 399.00 |l 2 |m 1 |o 338.5 DWI/MI |r 2019-03-28 |s 2019-03-12 |w 2014-03-22 |y BK | ||